| 000 | 00482nam a2200193Ia 4500 | ||
|---|---|---|---|
| 005 | 20240823012233.0 | ||
| 008 | 240823s9999||||xx |||||||||||||| ||und|| | ||
| 020 | _a81-7866-206-x | ||
| 041 | _aENGLISH | ||
| 082 | _A658.848 P2 | ||
| 100 | _aSubba Rao P | ||
| 245 | 0 | _aInternational Business Text and Cases | |
| 250 | _a2nd | ||
| 260 |
_c2002 _bHimalayan _aNew Delhi |
||
| 500 | _aTRANSFERED | ||
| 650 |
_aBusiness laws _bManagement Studies |
||
| 942 | _cBK | ||
| 999 |
_c163836 _d163836 |
||